<?xml version="1.0" encoding="UTF-8"?>
<record
    xmlns:xsi="http://www.w3.org/2001/XMLSchema-instance"
    xsi:schemaLocation="http://www.loc.gov/MARC21/slim http://www.loc.gov/standards/marcxml/schema/MARC21slim.xsd"
    xmlns="http://www.loc.gov/MARC21/slim">

  <leader>01075nam2a22002411  4500</leader>
  <controlfield tag="001">rc\4280179</controlfield>
  <controlfield tag="005">20250612035726.0</controlfield>
  <datafield tag="035" ind1=" " ind2=" ">
    <subfield code="a">(NLR Aleph) 008493088</subfield>
  </datafield>
  <datafield tag="090" ind1=" " ind2=" ">
    <subfield code="a">8061937</subfield>
    <subfield code="c">8061937</subfield>
  </datafield>
  <datafield tag="100" ind1=" " ind2=" ">
    <subfield code="a">20130416d1960    |||y0rusy50      ca</subfield>
  </datafield>
  <datafield tag="101" ind1="1" ind2=" ">
    <subfield code="a">rus</subfield>
    <subfield code="c">yid</subfield>
  </datafield>
  <datafield tag="102" ind1=" " ind2=" ">
    <subfield code="a">RU</subfield>
  </datafield>
  <datafield tag="105" ind1=" " ind2=" ">
    <subfield code="a">c   z   |||||</subfield>
  </datafield>
  <datafield tag="200" ind1="0" ind2=" ">
    <subfield code="a">&#x422;. 1</subfield>
    <subfield code="f">&#x41F;&#x435;&#x440;. &#x411;.&#x425;. &#x427;&#x435;&#x440;&#x43D;&#x44F;&#x43A;&#x430;</subfield>
  </datafield>
  <datafield tag="210" ind1=" " ind2=" ">
    <subfield code="a">&#x41C;&#x43E;&#x441;&#x43A;&#x432;&#x430;</subfield>
    <subfield code="c">&#x413;&#x43E;&#x441;&#x43B;&#x438;&#x442;&#x438;&#x437;&#x434;&#x430;&#x442;</subfield>
    <subfield code="d">1960</subfield>
  </datafield>
  <datafield tag="215" ind1=" " ind2=" ">
    <subfield code="a">423 &#x441;., 1 &#x43B;. &#x43F;&#x43E;&#x440;&#x442;&#x440;.</subfield>
  </datafield>
  <datafield tag="461" ind1=" " ind2="0">
    <subfield code="1">001rc\4280178</subfield>
    <subfield code="1">2001#$a&#x41D;&#x430; &#x414;&#x43D;&#x435;&#x43F;&#x440;&#x435;$e&#x420;&#x43E;&#x43C;&#x430;&#x43D;$e&#x412; 2 &#x442;.$e&#x41F;&#x435;&#x440;. &#x441; &#x435;&#x432;&#x440;.$f[&#x41F;&#x43E;&#x441;&#x43B;&#x435;&#x441;&#x43B;. &#x42D;. &#x41A;&#x430;&#x437;&#x430;&#x43A;&#x435;&#x432;&#x438;&#x447;&#x430;]. &#x422;. 1-2$v&#x422;. 1</subfield>
    <subfield code="1">700#1$a&#x411;&#x435;&#x440;&#x433;&#x435;&#x43B;&#x44C;&#x441;&#x43E;&#x43D;$b&#x414;.&#x420;.$f1884-1952$g&#x414;&#x430;&#x432;&#x438;&#x434; &#x420;&#x430;&#x444;&#x430;&#x438;&#x43B;&#x43E;&#x432;&#x438;&#x447;</subfield>
    <subfield code="9">8061934</subfield>
    <subfield code="a">&#x411;&#x435;&#x440;&#x433;&#x435;&#x43B;&#x44C;&#x441;&#x43E;&#x43D;, &#x414;.&#x420;. (1884-1952)</subfield>
    <subfield code="c">&#x41C;&#x43E;&#x441;&#x43A;&#x432;&#x430;</subfield>
    <subfield code="d">1960</subfield>
    <subfield code="f">[&#x41F;&#x43E;&#x441;&#x43B;&#x435;&#x441;&#x43B;. &#x42D;. &#x41A;&#x430;&#x437;&#x430;&#x43A;&#x435;&#x432;&#x438;&#x447;&#x430;]. &#x422;. 1-2</subfield>
    <subfield code="n">&#x413;&#x43E;&#x441;&#x43B;&#x438;&#x442;&#x438;&#x437;&#x434;&#x430;&#x442;</subfield>
    <subfield code="o">&#x420;&#x43E;&#x43C;&#x430;&#x43D; : &#x412; 2 &#x442;. : &#x41F;&#x435;&#x440;. &#x441; &#x435;&#x432;&#x440;.</subfield>
    <subfield code="p">2 &#x442;.</subfield>
    <subfield code="t">&#x41D;&#x430; &#x414;&#x43D;&#x435;&#x43F;&#x440;&#x435;</subfield>
    <subfield code="v">&#x422;. 1</subfield>
  </datafield>
  <datafield tag="702" ind1=" " ind2="1">
    <subfield code="a">&#x427;&#x435;&#x440;&#x43D;&#x44F;&#x43A;</subfield>
    <subfield code="b">&#x411;.&#x425;.</subfield>
    <subfield code="4">730</subfield>
  </datafield>
  <datafield tag="801" ind1=" " ind2="0">
    <subfield code="a">RU</subfield>
    <subfield code="b">NLR</subfield>
    <subfield code="g">psbo</subfield>
  </datafield>
  <datafield tag="801" ind1=" " ind2="1">
    <subfield code="a">RU</subfield>
    <subfield code="b">ELAR</subfield>
    <subfield code="2">rusmarc</subfield>
  </datafield>
  <datafield tag="852" ind1=" " ind2=" ">
    <subfield code="a">NLR</subfield>
    <subfield code="j">60-3/2719</subfield>
  </datafield>
  <datafield tag="942" ind1=" " ind2=" ">
    <subfield code="c">BOOK</subfield>
  </datafield>
  <datafield tag="980" ind1=" " ind2=" ">
    <subfield code="a">NB</subfield>
  </datafield>
  <datafield tag="995" ind1=" " ind2=" ">
    <subfield code="5">2013-10-26</subfield>
    <subfield code="b">NLR01</subfield>
    <subfield code="c">NLR01</subfield>
    <subfield code="e">RF31</subfield>
    <subfield code="f">8493088-10</subfield>
    <subfield code="k">60-3/2719</subfield>
    <subfield code="o">0</subfield>
    <subfield code="r">BOOK</subfield>
    <subfield code="s">6032719_</subfield>
  </datafield>
</record>
